000 00700nam a2200217Ii 4500
003 JO-AjNU
008 230605s9999||||xx |||||||||||||| ||und||
017 _a1993/7568
020 _a977-01-3454-6
040 _aJO-AjNU
_bara
_erda
_cJO-AjNU
041 _aara
050 1 4 _aBP130.4.R32 1994
100 3 _aتاليف ربيع، محمود محمد,
_eauthor
_96913
245 0 0 _aأسرار التأويل
264 3 1 _aالقاهرة: الهيئة المصرية العامة للكتاب، 1994
300 _a249ص
336 _atext
_btxt
_2rdacontent
337 _aunmediated
_bn
_2rdamedia
338 _avolume
_bnc
_2rdacarrier
650 4 _aالقران الكريم - مباحث عامة
_96914
999 _aA13
_c3581
_d3581